La educación ambiental en el proceso enseñanza aprendizaje en el Segundo Ciclo del Nivel Básico de la Escuela Juan Isidro Pérez (Record no. 628)

MARC details
000 -LEADER
campo de control de longitud fija 03147nam a2200541Ia 4500
001 - NÚMERO DE CONTROL
campo de control 699
008 - DATOS DE LONGITUD FIJA--INFORMACIÓN GENERAL
campo de control de longitud fija 241029s9999 xx 000 0 und d
010 ## - NÚMERO DE CONTROL DE LA BIBLIOTECA DEL CONGRESO
Número de control de LC 628
041 ## - CÓDIGO DE IDIOMA
Código de lengua del texto/banda sonora o título independiente Español
082 ## - NÚMERO DE LA CLASIFICACIÓN DECIMAL DEWEY
Número de clasificación NO APLICA
245 #0 - MENCIÓN DEL TÍTULO
Título La educación ambiental en el proceso enseñanza aprendizaje en el Segundo Ciclo del Nivel Básico de la Escuela Juan Isidro Pérez
260 ## - PUBLICACIÓN, DISTRIBUCIÓN, ETC.
Lugar de publicación, distribución, etc. Valverde
300 ## - DESCRIPCIÓN FÍSICA
Extensión 64
520 ## - RESUMEN, ETC.
Sumario, etc. 29
520 ## - RESUMEN, ETC.
Sumario, etc. El objetivo general de la investigación se basó en diseñar una propuesta metodológica para potencializar el proceso de Enseñanza Aprendizaje en el Segundo Ciclo del Nivel Básico de la Escuela Juan Isidro Pérez del municipio de Mao, sobre el cuidado del medioambiente.La investigación se consideró de tipo cuantitativo. Se utilizaron los métodos histórico-lógico y sistémico. Se aplicaron encuestas a los docentes del segundo ciclo del nivel básico del centro de estudio. La población está constituida por 38 maestros de la Escuela del Nivel Básico Juan Isidro Pérez tomando como muestra 19 docentes lo que constituye el 30% de la población.La investigación detectó que los maestros no están suficientemente orientados sobre los proyectos institucionales para el desarrollo curricular de la Educación Ambiental. Los maestros saben de la trascendencia de la Educación Ambiental, sin embargo, no se contempla el tema a pesar de que el currículo incluye temas relativos a este. No obstante, ellos tienen adecuado conocimiento de los contenidos, de las asignaturas que desarrollan directamente relacionados con la conservación del medio ambiente. Aunque se afirma por los docentes que se forman grupos para el trabajo de conservación del medio ambiente en la escuela, en la planificación no se observaron acciones concretas de esta actividad.Se recomienda realizar la supervisión de la inclusión de los aspectos medioambientales en la planificación de los docentes, por parte de la Dirección de la Escuela Juan Isidro Pérez y aplicar la propuesta en el trabajo metodológico de la escuela.
630 ## - PUNTO DE ACCESO ADICIONAL DE MATERIA--TÍTULO UNIFORME
Título uniforme Currículo
630 ## - PUNTO DE ACCESO ADICIONAL DE MATERIA--TÍTULO UNIFORME
Título uniforme Proceso de Enseñanza-Aprendizaje
650 ## - PUNTO DE ACCESO ADICIONAL DE MATERIA--TÉRMINO DE MATERIA
Término de materia o nombre geográfico como elemento de entrada Ejes Transversales (Contexto Social y Natural)
690 ## - PUNTO DE ACCESO ADICIONAL DE MATERIA LOCAL--TÉRMINO DE MATERIA (OCLC, RLIN)
Término de materia o nombre geográfico como elemento inicial Elaborado
700 ## - ENTRADA AGREGADA--NOMBRE PERSONAL
Término indicativo de función/relación asesor
Nombre de persona Buduen Serrano, Ines de la Caridad
700 ## - ENTRADA AGREGADA--NOMBRE PERSONAL
Término indicativo de función/relación autor
Nombre de persona Almonte de Bueno, Santa Rosana
700 ## - ENTRADA AGREGADA--NOMBRE PERSONAL
Término indicativo de función/relación autor
Nombre de persona Belliard Pimentel, Gladys Margarita
901 ## - ELEMENTOS DE DATOS A LOCAL LDA (RLIN)
a {"1":"Almonte de Bueno","2":"Belliard Pimentel"}
b {"1":"Santa Rosana","2":"Gladys Margarita"}
902 ## - ELEMENTOS DE DATOS B LOCAL, LDB (RLIN)
a 1
903 ## - ELEMENTOS DE DATOS C LOCAL, LDC (RLIN)
a {"1":"Buduen Serrano"}
b {"1":"Ines de la Caridad"}
904 ## - ELEMENTOS DE DATOS D LOCAL, LDD (RLIN)
a Máster en
905 ## - ELEMENTOS DE DATOS E LOCAL, LDE (RLIN)
a Educación Superior
906 ## - ELEMENTOS DE DATOS F LOCAL, LDF (RLIN)
a 2
907 ## - ELEMENTOS DE DATOS G LOCAL, LDG (RLIN)
a NO APLICA
908 ## - COLOCAR PARÁMETRO DE COMANDO (RLIN)
Colocar parámetro de comando NO APLICA
909 ## -
-- Universidad Autónoma de Santo Domingo (UASD)
910 ## - DATOS DE OPCIÓN DEL USUARIO (OCLC)
Datos de opción del usuario NULL
-- NULL
911 ## - EQUIVALENCIA O REFERENCIA-CRUZADA-NOMBRE DE CONFERENCIA O REUNIÓN/CONGRESO [LOCAL, CANADÁ]
Nombre de congreso/reunión o jurisdicción como elemento de entrada ["1"]
912 ## -
-- NO APLICA
913 ## -
-- NULL
914 ## -
-- 01 de Julio de 2012
915 ## -
-- 20/07/15 07:07
916 ## -
-- NULL
917 ## -
-- NULL
918 ## -
-- NO APLICA
919 ## -
-- ["52","163"]
921 ## -
-- 16
922 ## -
-- 16
923 ## -
-- 0
924 ## -
-- NO APLICA
942 ## - ELEMENTOS DE ENTRADA SECUNDARIOS (KOHA)
Tipo de ítem Koha

No items available.

© 2024. Todos los Derechos Reservados. Desarrollado por IDEICE